[Event "ch-USA 2012"]
[Site "Saint Louis USA"]
[Date "2012.05.09"]
[Round "2"]
[White "Onischuk,Al"]
[Black "Lenderman,A"]
[Result "1/2-1/2"]
[WhiteElo "2660"]
[BlackElo "2587"]

1.d4 Nf6 2.c4 e6 3.Nf3 d5 4.Nc3 Bb4 5.Bg5 h6 6.Bxf6 Qxf6 7.e3 c5 8.cxd5 exd5
9.Qb3 O-O 10.dxc5 Bxc3+ 11.Qxc3 Qxc3+ 12.bxc3 Nd7 13.Rd1 Nxc5 14.Rxd5 b6
15.c4 Be6 16.Rd4 Rfc8 17.g4 Rc7 18.g5 hxg5 19.Nxg5 Bf5 20.Bg2 Rac8 21.O-O Ne6
22.Nxe6 fxe6 23.Rc1 b5 24.Bf1 e5 25.Rd6 Rc5 26.e4 Bxe4 27.Re1 Bf3 28.cxb5 e4
29.h4 Rh5 30.Kh2 Rxh4+ 31.Bh3 Rh5 32.Rd5 Rxd5 33.Be6+ Kf8 34.Bxd5 Rc5 35.Bc6 Rc2
36.Kg3 Rxa2 37.Bxe4 Re2 38.Rxe2 Bxe2 39.Bc6 g5  1/2-1/2

[Event "ch-USA 2012"]
[Site "Saint Louis USA"]
[Date "2012.05.12"]
[Round "5"]
[White "Hess,Ro"]
[Black "Onischuk,Al"]
[Result "0-1"]
[WhiteElo "2635"]
[BlackElo "2660"]

1.e4 e5 2.Nf3 Nc6 3.Bb5 a6 4.Ba4 Nf6 5.O-O b5 6.Bb3 Bb7 7.Re1 Bc5 8.c3 O-O
9.d4 Bb6 10.Be3 exd4 11.cxd4 Na5 12.d5 Bxe3 13.Rxe3 c6 14.d6 Nxb3 15.Qxb3 c5
16.Nbd2 Qb6 17.h3 Rae8 18.Qc2 Qc6 19.Rae1 Nh5 20.Nb3 Qxd6 21.Qxc5 Qh6 22.Nfd4 d6
23.Qc7 Bc8 24.Nc6 Nf4 25.Nbd4 Bxh3 26.Rxh3 Nxh3+ 27.gxh3 Qxh3 28.Qxd6 Qg4+
29.Qg3 Rxe4 30.Rxe4 Qxe4 31.Nf5 g6 32.Ncd4 h5 33.Qg5 Re8 34.Nd6 Qe7 35.Qxe7 Rxe7
36.Nb3 Re2 37.Nc5 Rxb2 38.Nxa6 Rxa2 39.Nb4 Rd2  0-1

[Event "ch-USA 2012"]
[Site "Saint Louis USA"]
[Date "2012.05.13"]
[Round "6"]
[White "Onischuk,Al"]
[Black "Ramirez,Alej"]
[Result "1/2-1/2"]
[WhiteElo "2660"]
[BlackElo "2593"]

1.d4 d5 2.c4 c6 3.Nc3 Nf6 4.Nf3 a6 5.e3 e6 6.b3 Bb4 7.Bd2 O-O 8.Bd3 Bd6 9.e4 dxe4
10.Nxe4 Nxe4 11.Bxe4 Nd7 12.O-O e5 13.dxe5 Nxe5 14.Bc3 Nxf3+ 15.Qxf3 Qg5
16.h3 Qf4 17.Qxf4 Bxf4 18.g3 Bc7 19.Kg2 Re8 20.Rfe1 Be6 21.f4 f5 22.Bf3 Rad8
23.Rad1 Rxd1 24.Rxd1 Kf7 25.Kf2 g6 26.Rd3 h5 27.h4 Rd8 28.Ke2 Rxd3 29.Kxd3 Bb6
30.Bd4 Ba5 31.Bf2 Bb4 32.Kc2 Ke7 33.Kb2 Kd7 34.a3 Be7 35.Bb6 Bf6+ 36.Kc2 Be7
37.Kb2 Bf6+ 38.Kc2  1/2-1/2

[Event "ch-USA 2012"]
[Site "Saint Louis USA"]
[Date "2012.05.16"]
[Round "8"]
[White "Seirawan,Y"]
[Black "Onischuk,Al"]
[Result "1/2-1/2"]
[WhiteElo "2643"]
[BlackElo "2660"]

1.d4 Nf6 2.c4 e6 3.Nf3 d5 4.Nc3 Be7 5.Bg5 h6 6.Bh4 O-O 7.e3 b6 8.Rc1 Bb7
9.cxd5 Nxd5 10.Bxe7 Nxe7 11.b4 Nd7 12.b5 c5 13.bxc6 Nxc6 14.Be2 Rc8 15.O-O Nf6
16.Qa4 Qe7 17.Ba6 Na5 18.Bxb7 Qxb7 19.Ne5 Nd5 20.Nxd5 Qxd5 21.h4 Qb7 22.h5 Rc7
23.Nd3 Rcc8 24.Ne5 Rc7 25.Nd3 Rcc8 26.Ne5  1/2-1/2

[Event "Washington International 2012"]
[Site "Rockville USA"]
[Date "2012.07.28"]
[Round "1"]
[White "Vasilyev,M"]
[Black "Onischuk,Al"]
[Result "0-1"]
[WhiteElo "2267"]
[BlackElo "2666"]

1.e4 e5 2.Nf3 Nc6 3.Bb5 a6 4.Ba4 Nf6 5.O-O Bc5 6.Re1 b5 7.Bb3 d6 8.c3 O-O
9.h3 h6 10.d3 Be6 11.Bc2 d5 12.Nbd2 d4 13.Nb3 Bb6 14.cxd4 Nxd4 15.Nbxd4 exd4
16.Bb3 c5 17.Bxe6 fxe6 18.Qb3 Qc8 19.Ne5 Kh7 20.Bf4 Nh5 21.Bh2 Nf4 22.Bxf4 Rxf4
23.g3 Rf8 24.Rac1 Qc7 25.f4 c4 26.Qd1 c3 27.Qh5 Qc8 28.Kg2 Qe8 29.Qe2 Rc8
30.Rc2 a5 31.bxc3 dxc3 32.Rec1 b4 33.Nc4 Qd8 34.Rf1 Bd4 35.Qg4 a4 36.Rb1 Rb8
37.Re2 Qd7 38.Rf1 b3 39.a3 c2  0-1

[Event "Washington International 2012"]
[Site "Rockville USA"]
[Date "2012.07.29"]
[Round "4.3"]
[White "Onischuk,Al"]
[Black "Bartell,T"]
[Result "1-0"]
[WhiteElo "2666"]
[BlackElo "2410"]

1.d4 Nf6 2.c4 e6 3.Nc3 Bb4 4.e3 c5 5.Ne2 cxd4 6.exd4 O-O 7.a3 Be7 8.Nf4 d6
9.Be2 e5 10.dxe5 dxe5 11.Qxd8 Bxd8 12.Nfd5 Nc6 13.Be3 Nd4 14.Nxf6+ Bxf6 15.Bxd4 exd4
16.Nd5 Be6 17.Nxf6+ gxf6 18.Kd2 Rac8 19.Rac1 Rfd8 20.c5 Bd5 21.Rhe1 Kf8 22.g3 Rc7
23.b4 h6 24.Bd3 Re7 25.Rxe7 Kxe7 26.Re1+ Be6 27.Be4 b6 28.Rc1 f5 29.Bg2 f4
30.gxf4 Rg8 31.Bf3 Kf6 32.Bb7 bxc5 33.bxc5 Rg4 34.c6 Rxf4 35.c7 Bf5 36.Rc5 Bd7
37.f3 Rh4 38.c8=Q Rxh2+ 39.Kd3 Bxc8 40.Bxc8  1-0

[Event "Washington International 2012"]
[Site "Rockville USA"]
[Date "2012.07.31"]
[Round "7.2"]
[White "Gelashvili,T"]
[Black "Onischuk,Al"]
[Result "1/2-1/2"]
[WhiteElo "2604"]
[BlackElo "2666"]

1.d4 Nf6 2.c4 e6 3.g3 d5 4.Nf3 Be7 5.Bg2 O-O 6.Qc2 c5 7.dxc5 Qa5+ 8.Nc3 dxc4
9.O-O Qxc5 10.Be3 Qh5 11.Bg5 Nbd7 12.Ne4 h6 13.Bf4 Nxe4 14.Qxe4 Qb5 15.Nd2 Nf6
16.Qxc4 Qxb2 17.Ne4 e5 18.Rab1 Qd4 19.Qxd4 exd4 20.Nd6 Bxd6 21.Bxd6 Re8 22.Rfd1 Rxe2
23.Rxd4 Rxa2 24.Bxb7 Bxb7 25.Rxb7 Ra5 26.Bb8 Kh7 27.Rd8 Rd5  1/2-1/2

[Event "Washington International 2012"]
[Site "Rockville USA"]
[Date "2012.07.31"]
[Round "8.1"]
[White "Gareev,T"]
[Black "Onischuk,Al"]
[Result "1/2-1/2"]
[WhiteElo "2658"]
[BlackElo "2666"]

1.d4 Nf6 2.c4 e6 3.Nf3 b6 4.g3 Bb7 5.Bg2 Bb4+ 6.Bd2 c5 7.d5 exd5 8.Nh4 Qc7
9.O-O Bxd2 10.Qxd2 Qe5 11.Nc3 Ne4 12.Qc2 Nxc3 13.bxc3 O-O 14.Rad1 Re8 15.Nf5 Na6
16.cxd5 g6 17.Ne3 f5 18.Nc4 Qf6 19.a4 d6 20.e4 fxe4 21.Bxe4 Nb8 22.Rfe1 Nd7
23.f4 Re7 24.Bg2 Nf8 25.Nd2 Rd8 26.Ne4 Qg7 27.Qd2 Bc8 28.h3 Bf5 29.Nf2 Rde8
30.g4 Rxe1+ 31.Rxe1 Rxe1+ 32.Qxe1 Bd7 33.Ne4 Qe7 34.Qa1 b5 35.a5 h5 36.Qd1 hxg4
37.hxg4 Nh7 38.g5 Bf5 39.Qe1 Nf8 40.Kf2 Bxe4 41.Bxe4 Qc7 42.Kg3 a6 43.c4 b4
44.Bc2 Qg7 45.Kg4 Qd4 46.Qe2 Qg1+ 47.Kh4 Qh1+ 48.Kg3 Qg1+ 49.Kf3 Qh1+ 50.Kg3 Qg1+  1/2-1/2

[Event "Washington International 2012"]
[Site "Rockville USA"]
[Date "2012.08.01"]
[Round "5.2"]
[White "Sarkar,J"]
[Black "Onischuk,Al"]
[Result "0-1"]
[WhiteElo "2396"]
[BlackElo "2666"]

1.d4 Nf6 2.c4 e6 3.Nc3 Bb4 4.Qc2 O-O 5.a3 Bxc3+ 6.Qxc3 b5 7.cxb5 c6 8.f3 cxb5
9.e4 Ba6 10.Be3 Nc6 11.Ne2 Rc8 12.Qd3 Qa5+ 13.Nc3 d5 14.e5 Nd7 15.Ra2 Ndxe5
16.dxe5 d4 17.b4 Qc7 18.f4 dxe3 19.Ne4 Ne7 20.Nc5 Nd5 21.Rc2 Rfd8 22.Qe4 Bb7
23.Bd3 g6 24.Nxe6 Nc3 25.Nxc7 Nxe4 26.Bxb5 Rd2 27.Rc4 Nf2 28.O-O Ng4  0-1

[Event "Washington International 2012"]
[Site "Rockville USA"]
[Date "2012.08.01"]
[Round "9.2"]
[White "Onischuk,Al"]
[Black "Azarov,S"]
[Result "1/2-1/2"]
[WhiteElo "2666"]
[BlackElo "2658"]

1.d4 d5 2.c4 e6 3.Nc3 Be7 4.Nf3 Nf6 5.Bg5 h6 6.Bh4 O-O 7.e3 b6 8.Bd3 Bb7
9.O-O Nbd7 10.Qe2 Ne4 11.Bg3 c5 12.cxd5 exd5 13.Rad1 Qc8 14.Rfe1  1/2-1/2

[Event "40th Olympiad Open"]
[Site "Istanbul TUR"]
[Date "2012.08.28"]
[Round "1.5"]
[White "Onischuk,Al"]
[Black "Samhouri,A"]
[Result "1-0"]
[WhiteElo "2666"]
[BlackElo "2373"]

1.d4 d5 2.c4 c6 3.Nf3 Nf6 4.e3 e6 5.Nbd2 c5 6.cxd5 exd5 7.b3 Nc6 8.Bb2 Be7
9.dxc5 Bxc5 10.Rc1 Be7 11.Be2 O-O 12.O-O Ne4 13.Nxe4 dxe4 14.Nd4 Nxd4 15.Qxd4 Bf6
16.Qxd8 Rxd8 17.Bxf6 gxf6 18.Rc2 Be6 19.Rfc1 Rac8 20.Rxc8 Rxc8 21.Rxc8+ Bxc8
22.h3 f5 23.Kh2 Kg7 24.Kg3 Kg6 25.Kf4 h5 26.Ke5 h4 27.Kd6 Be6 28.Kc7 Bd5
29.g3 Kg5 30.Bc4  1-0

[Event "40th Olympiad Open"]
[Site "Istanbul TUR"]
[Date "2012.08.30"]
[Round "3.2"]
[White "Ynojosa,F"]
[Black "Onischuk,Al"]
[Result "0-1"]
[WhiteElo "2374"]
[BlackElo "2666"]

1.e4 e5 2.Nf3 Nc6 3.Bc4 Nf6 4.d3 Bc5 5.Nc3 d6 6.Bg5 h6 7.Bxf6 Qxf6 8.Nd5 Qd8
9.c3 a6 10.d4 exd4 11.cxd4 Ba7 12.h3 O-O 13.O-O Ne7 14.Nxe7+ Qxe7 15.Re1 Bd7
16.Rc1 Rad8 17.Bb3 c5 18.e5 Bf5 19.exd6 Qxd6 20.Re5 Qf6 21.d5 Bb8 22.Rxf5 Qxf5
23.Rxc5 Bd6 24.Rc3 Rc8 25.Bc2 Qf6 26.Qd3 g6 27.Nd2 Be5 28.Rxc8 Rxc8 29.g3 Bxb2
30.Bb3 Qd4 31.Qe2 Qe5 32.Ne4 Re8 33.d6 Qxe4 34.Qxb2 Qf3 35.Qc1 Re2 36.Qf1 Rd2
37.Qe1 Rxd6  0-1

[Event "40th Olympiad Open"]
[Site "Istanbul TUR"]
[Date "2012.08.31"]
[Round "4.1"]
[White "Onischuk,Al"]
[Black "Negi,P"]
[Result "1/2-1/2"]
[WhiteElo "2666"]
[BlackElo "2664"]

1.d4 Nf6 2.c4 g6 3.g3 c6 4.Bg2 d5 5.Nf3 Bg7 6.O-O O-O 7.Nbd2 Bf5 8.b3 a5
9.Bb2 a4 10.Ne5 Qa5 11.Ba3 Re8 12.b4 Qd8 13.Rc1 Nbd7 14.Ndf3 Be4 15.cxd5 Nxe5
16.dxe5 Nxd5 17.Qd4 Bxf3 18.Bxf3 Nc7 19.Qe3 Nb5 20.Rfd1 Qc8 21.Bd5 Qf5 22.Bc4 Nxa3
23.Qxa3 Bxe5 24.b5 Bd6 25.Qd3 Qxd3 26.Bxd3 Rec8 27.bxc6 Rxc6 28.Rxc6 bxc6
29.Rc1 c5 30.a3 Ra5 31.Rc4 Be5 32.Bc2 Bb2 33.Rxa4 Rxa4 34.Bxa4 c4 35.Kf1 Bxa3
36.Ke1 Bb4+ 37.Kd1 g5 38.h3 Kg7 39.Bb5 c3 40.Kc2 Kf6 41.Bd3 h6 42.Kb3 Ba5
43.e3 e6 44.Bc2 Ke7 45.Ka4 Bc7 46.Kb4 Be5 47.Kc4 Kd6 48.f4 Bg7 49.e4 gxf4
50.gxf4 Ke7  1/2-1/2

[Event "40th Olympiad Open"]
[Site "Istanbul TUR"]
[Date "2012.09.01"]
[Round "5.05"]
[White "Onischuk,Al"]
[Black "Hracek,Z"]
[Result "1/2-1/2"]
[WhiteElo "2666"]
[BlackElo "2619"]

1.d4 Nf6 2.c4 e6 3.Nc3 Bb4 4.e3 O-O 5.Bd3 d5 6.Nf3 c5 7.O-O cxd4 8.exd4 dxc4
9.Bxc4 b6 10.Bg5 Bb7 11.Ne5 Nbd7 12.Qe2 Rc8 13.Rac1 h6 14.Nxd7 Qxd7 15.Bxf6 gxf6
16.Rfd1 Rfd8 17.Bb3 Bxc3 18.bxc3 b5 19.Rd3 Kh7 20.d5 Bxd5 21.Qh5 Qe8 22.Bxd5 Rxd5
23.Rxd5 exd5 24.Qf5+ Kg7 25.Qg4+ Kh7 26.Qf5+ Kg7 27.Qg4+ Kh7 28.Qf5+ Kg7
29.Qg4+ Kh7 30.Qf5+ Kg7 31.Qg4+  1/2-1/2

[Event "40th Olympiad Open"]
[Site "Istanbul TUR"]
[Date "2012.09.03"]
[Round "6.3"]
[White "Meier,Geo"]
[Black "Onischuk,Al"]
[Result "1/2-1/2"]
[WhiteElo "2648"]
[BlackElo "2666"]

1.d4 Nf6 2.c4 e6 3.g3 d5 4.Nf3 Be7 5.Bg2 O-O 6.O-O dxc4 7.Qa4 a6 8.Qxc4 b5
9.Qc2 Bb7 10.Bd2 Nc6 11.e3 Nb4 12.Bxb4 Bxb4 13.a3 Bd6 14.Nbd2 Rc8 15.b4 a5
16.bxa5 c5 17.Qb2 Qxa5 18.dxc5 Bxc5 19.Rfb1 Be7 20.Bf1 Rc3 21.Qxb5 Qxb5 22.Rxb5 Bxf3
23.Nxf3 Rxa3 24.Rxa3 Bxa3 25.Ne5 g6 26.Rb7 Bd6 27.Nc4 Rd8 28.h3 h5 29.Bg2 Ne8
30.Bc6 Bf8 31.Bxe8  1/2-1/2

[Event "40th Olympiad Open"]
[Site "Istanbul TUR"]
[Date "2012.09.04"]
[Round "7.7"]
[White "Onischuk,Al"]
[Black "Esen,B"]
[Result "1-0"]
[WhiteElo "2666"]
[BlackElo "2587"]

1.d4 d5 2.c4 c6 3.Nc3 Nf6 4.Nf3 e6 5.Bg5 Nbd7 6.e3 Be7 7.Bd3 O-O 8.O-O b6
9.Qe2 Bb7 10.Rfd1 dxc4 11.Bxc4 Nd5 12.Bxe7 Nxc3 13.bxc3 Qxe7 14.a4 a6 15.e4 c5
16.d5 exd5 17.exd5 Qd6 18.Rab1 Rfe8 19.Qc2 Bc8 20.Bf1 Nf6 21.h3 Bd7 22.Qb3 Reb8
23.c4 Rb7 24.Re1 Re8 25.Rxe8+ Bxe8 26.Re1 Kf8 27.Bd3 Re7 28.Rb1 Rb7 29.Qa3 a5
30.Qb3 Ke7 31.Bc2 Kd8 32.Qb2 h6 33.Ne5 Kc7 34.Bd1 Rb8 35.Bf3 Kd8 36.Re1 Kc7
37.Nc6 Bxc6 38.dxc6 Qd8 39.Qe5+ Kc8 40.Rd1 Qf8 41.c7  1-0

[Event "40th Olympiad Open"]
[Site "Istanbul TUR"]
[Date "2012.09.05"]
[Round "8.4"]
[White "Onischuk,Al"]
[Black "Nedev,Tr"]
[Result "1-0"]
[WhiteElo "2666"]
[BlackElo "2494"]

1.d4 Nf6 2.c4 g6 3.g3 Bg7 4.Bg2 d5 5.cxd5 Nxd5 6.e4 Nb6 7.Ne2 c5 8.d5 e6
9.Nbc3 exd5 10.Nxd5 Nxd5 11.exd5 O-O 12.O-O Nd7 13.Nc3 Ne5 14.h3 c4 15.Be3 Nd3
16.Qd2 Re8 17.Rad1 Bd7 18.b3 Rc8 19.Bh6 b5 20.Bxg7 Kxg7 21.bxc4 bxc4 22.Ne4 Bf5
23.Qc3+ f6 24.Qd4 Bxe4 25.Bxe4 Qd7 26.Bxd3 cxd3 27.Rxd3 Re5 28.Kg2 Qb7 29.Rfd1 Rd8
30.Qc4 Rd6 31.Qc5 Qb6 32.Rc1 Re7 33.Qxb6 axb6 34.Rc6 Red7 35.Rxd6 Rxd6 36.Kf3 Kf7
37.Ke4 Rd7 38.Ra3 Ke7 39.Kd4 Rc7 40.Re3+ Kf7 41.d6 Rc2 42.Re7+ Kf8 43.Kd5 Rxf2
44.Re3 Rd2+ 45.Kc6 Rc2+ 46.Kxb6 Rb2+ 47.Kc7 Rc2+ 48.Kd8 Rxa2 49.Rc3 Ra8+
50.Rc8 Ra7 51.d7 Kf7 52.Rc3  1-0

[Event "40th Olympiad Open"]
[Site "Istanbul TUR"]
[Date "2012.09.09"]
[Round "11.4"]
[White "Swiercz,D"]
[Black "Onischuk,Al"]
[Result "1/2-1/2"]
[WhiteElo "2594"]
[BlackElo "2666"]

1.e4 e5 2.Nf3 Nc6 3.Bb5 a6 4.Ba4 Nf6 5.O-O d6 6.Re1 Bg4 7.c3 Be7 8.h3 Bh5
9.d3 O-O 10.Nbd2 Nd7 11.b4 b5 12.Bb3 a5 13.Bd5 Ra6 14.bxa5 Nxa5 15.a4 bxa4
16.Qxa4 c6 17.Ba2 Qa8 18.Bb2 Nb6 19.Qc2 Nb7 20.Bb3 Nc5 21.d4 Nxb3 22.Rxa6 Qxa6
23.Qxb3 Bxf3 24.Nxf3 Nc4 25.Ra1 Qb5 26.Qxb5 cxb5 27.Bc1 f5 28.exf5 Bf6 29.Be3 Rc8
30.Rc1 Nxe3 31.fxe3 exd4 32.exd4 b4 33.c4 b3 34.Kf2 b2 35.Rb1 Rxc4 36.Rxb2 Bxd4+
37.Nxd4 Rxd4 38.Ke3 Rd1 39.Rb7 h6 40.Rd7 Rf1 41.Ke4 Rg1 42.g4 Rg3 43.f6 gxf6
44.Kf5 Rxh3 45.Kg6 Kf8 46.Rxd6 Rf3 47.Rxf6+ Rxf6+ 48.Kxf6 h5 49.gxh5 Kg8  1/2-1/2

[Event "13th Karpov GM"]
[Site "Poikovsky RUS"]
[Date "2012.09.28"]
[Round "1"]
[White "Onischuk,Al"]
[Black "Wang Yue"]
[Result "1/2-1/2"]
[WhiteElo "2672"]
[BlackElo "2691"]

1.d4 d5 2.c4 c6 3.Nc3 Nf6 4.e3 g6 5.Nf3 Bg7 6.Bd3 O-O 7.O-O Bg4 8.h3 Bxf3
9.Qxf3 e6 10.b3 Nbd7 11.Rd1 Re8 12.Bb2 Rc8 13.Rac1 a6 14.Bf1 Bf8 15.a3 Qb6
16.b4 Qd8 17.e4 Nxe4 18.Nxe4 dxe4 19.Qxe4 Bg7 20.g3 a5 21.Bc3 axb4 22.axb4 Ra8
23.Qc2 Nb6 24.Qb3 Qd7 25.Bg2 h5 26.Rb1 Rec8 27.Bd2 Ra6 28.b5 cxb5 29.Qxb5 Rxc4
30.Qxd7 Nxd7 31.Bf1 Rxd4 32.Bxa6 bxa6 33.Be3 Rxd1+ 34.Rxd1 Nf6 35.Rd8+ Kh7
36.Ra8 Nd5 37.Rxa6 Bf6 38.Kg2 g5 39.Kf3 Kg6 40.Ra8 Bg7 41.Bc5 Bf6 42.Ke4 Bg7
43.Bd4 Ne7 44.Bxg7 Kxg7 45.f4 g4 46.hxg4 hxg4 47.Ra5 f6 48.Rh5 Nc8 49.Rh4 Nd6+
50.Kd3 f5 51.Kd4 Kf6 52.Rh1 Ke7 53.Rh6 Kf7 54.Ke5 Nc4+ 55.Kd4 Nd6 56.Ke5  1/2-1/2

[Event "13th Karpov GM"]
[Site "Poikovsky RUS"]
[Date "2012.09.29"]
[Round "2"]
[White "Bologan,V"]
[Black "Onischuk,Al"]
[Result "1/2-1/2"]
[WhiteElo "2712"]
[BlackElo "2672"]

1.e4 e5 2.Nf3 Nc6 3.Bb5 Nf6 4.O-O Nxe4 5.Re1 Nd6 6.Nxe5 Nxe5 7.Rxe5+ Be7
8.Bf1 O-O 9.d4 Bf6 10.Re1 Nf5 11.c3 d5 12.Bf4 Nh4 13.Nd2 c6 14.Qb3 b6 15.Qa3 Be6
16.Qd6 Qxd6 17.Bxd6 Rfe8 18.Ba6 Rad8 19.Be5 Bxe5 20.Rxe5 Ng6 21.Re3 Bc8 22.Rxe8+ Rxe8
23.Bxc8 Rxc8 24.Re1  1/2-1/2

[Event "13th Karpov GM"]
[Site "Poikovsky RUS"]
[Date "2012.09.30"]
[Round "3"]
[White "Onischuk,Al"]
[Black "Short,N"]
[Result "1/2-1/2"]
[WhiteElo "2672"]
[BlackElo "2698"]

1.d4 e6 2.c4 b6 3.e4 Bb7 4.f3 g6 5.Nc3 d6 6.Bd3 Qh4+ 7.g3 Qf6 8.Be3 Bh6 9.f4 Qe7
10.Nf3 f5 11.O-O Nf6 12.exf5 exf5 13.Re1 O-O 14.d5 Qd7 15.Bd4 c5 16.Bxf6 Rxf6
17.Re3 Na6 18.Qe2 Nc7 19.Re1 Rf7 20.Bc2 Raf8 21.Ba4 Qd8 22.h4 a6 23.Be8 Rg7
24.Bc6 Qa8 25.Bxb7 Qxb7 26.Ng5 Bxg5 27.hxg5 b5 28.b3 Qb8 29.a4 b4 30.Nd1 Rgf7
31.Nf2 Qc8 32.Kg2 a5 33.Nd3 Qd7 34.Kh3 Qc8 35.Kg2 Qd7 36.Kh3 Qc8 37.Nf2 Qd7
38.Kh2 Qd8 39.Kh3 Qc8 40.Nd3 Qd8 41.g4 fxg4+ 42.Kxg4 h6 43.gxh6 Qf6 44.Kg3 Kh7
45.Qg4 Kxh6 46.Qh4+ Kg7 47.Qxf6+ Rxf6 48.Re4 R6f7 49.R1e3 Rd8 50.Nf2 Kf8
51.Nh3 Rdd7 52.Ng5 Rfe7 53.Ne6+ Nxe6 54.Rxe6 Rxe6 55.Rxe6 Re7 56.Rf6+ Kg7
57.Rxd6 Re3+ 58.Kf2 Rxb3 59.Rc6 Rc3 60.Rxc5 b3 61.Rxa5 Rxc4 62.Rb5 Rxf4+
63.Ke3 Rxa4 64.Rxb3  1/2-1/2

[Event "13th Karpov GM"]
[Site "Poikovsky RUS"]
[Date "2012.10.05"]
[Round "7"]
[White "Ponomariov,R"]
[Black "Onischuk,Al"]
[Result "1/2-1/2"]
[WhiteElo "2729"]
[BlackElo "2672"]

1.e4 e5 2.Nf3 Nc6 3.Bb5 a6 4.Ba4 Nf6 5.O-O Be7 6.Re1 b5 7.Bb3 O-O 8.a4 b4
9.d3 d6 10.Nbd2 Na5 11.Ba2 Be6 12.Bxe6 fxe6 13.c3 bxc3 14.bxc3 Nd7 15.Nb3 Nxb3
16.Qxb3 Nc5 17.Qc2 Qe8 18.d4 Nd7 19.Qd3 exd4 20.cxd4 c5 21.Ba3 cxd4 22.Nxd4 Qf7
23.Re2 Rfc8 24.Rc2 Bf6 25.Rxc8+ Rxc8 26.Bxd6 Nc5 27.Bxc5 Rxc5 28.Rd1 Qd7
29.g3 Ra5 30.Qb3 Rxa4 31.Nxe6 Qxd1+ 32.Qxd1 Ra1 33.Qxa1 Bxa1 34.Kf1 a5 35.Ke2 a4
36.Kd3 a3 37.Kc2 a2 38.Kb3 Bd4 39.Kxa2 Bxf2 40.Kb3 Kf7 41.Ng5+ Kg6 42.Nf3 Kh5
43.Kc4 Kg4 44.e5 Bb6 45.Nd4 Kh3 46.Nc6 Be3 47.Nd4 Bc1 48.Kb3 Bg5 49.Ne6 Be7
50.Nxg7 Kxh2 51.Nf5 Bd8 52.g4 Kg2 53.Kc4 Kf3 54.Nh6 Ke4 55.e6 Ke5 56.Nf7+ Kxe6
57.Nxd8+ Kf6 58.Kd5 Kg5 59.Ne6+ Kxg4 60.Ng7 h5 61.Nxh5 Kxh5  1/2-1/2

[Event "13th Karpov GM"]
[Site "Poikovsky RUS"]
[Date "2012.10.06"]
[Round "8"]
[White "Onischuk,Al"]
[Black "Bruzon Batista,L"]
[Result "1/2-1/2"]
[WhiteElo "2672"]
[BlackElo "2713"]

1.d4 Nf6 2.c4 e6 3.g3 c5 4.Nf3 cxd4 5.Nxd4 Nc6 6.Bg2 Qb6 7.Nb3 Ne5 8.Qc2 Qc7
9.Na3 Bxa3 10.bxa3 d5 11.c5 O-O 12.O-O Bd7 13.Bg5 Rac8 14.Qc3 Ng6 15.Bxf6 gxf6
16.Qxf6 Qe5 17.Qf3 Rc7 18.Rad1 f5 19.Qd3 Ba4 20.Rb1 Bxb3 21.Qxb3 Rff7 22.Rfc1 Qxe2
23.Re1 Qa6 24.Bf1 Qc6 25.Bb5 Qxc5 26.Rxe6 f4 27.Be8 Rfe7 28.Rxe7 Rxe7 29.Bxg6 hxg6
30.Qd3 fxg3 31.hxg3 Qc6 32.Rd1 Kh7 33.Qf3 Rd7 34.Rd4 Kg7 35.Qe3 Qb6 36.Kg2 Qf6
37.Rh4 d4 38.Qh6+ Kg8 39.Rf4 Qc6+ 40.Kg1 Qd6 41.Rg4 Rg7 42.Rh4 Kf7 43.Qh8 g5
44.Re4 d3 45.Re3 g4 46.Qh5+ Kf6 47.Qh6+ Rg6 48.Qh4+ Kf7 49.Qh7+ Kf6 50.Qh8+ Kf7
51.Qe8+ Kf6 52.Qh8+ Kf7 53.Qh7+  1/2-1/2

[Event "13th Karpov GM"]
[Site "Poikovsky RUS"]
[Date "2012.10.07"]
[Round "9"]
[White "Wojtaszek,R"]
[Black "Onischuk,Al"]
[Result "1/2-1/2"]
[WhiteElo "2713"]
[BlackElo "2672"]

1.d4 d5 2.c4 e6 3.Nc3 Be7 4.cxd5 exd5 5.Bf4 Nf6 6.e3 Bf5 7.Qb3 Nc6 8.g4 Nxg4
9.Qxd5 Qxd5 10.Nxd5 Bb4+ 11.Nxb4 Nxb4 12.Rc1 c6 13.a3 Nd3+ 14.Bxd3 Bxd3 15.f3 Nf6
16.Kd2 Bg6 17.Be5 Nd7 18.Bg3 Bh5 19.Rf1 O-O 20.Ne2 f6 21.Nf4 Bf7 22.Nd3 a5
23.Rc1 a4 24.e4 Ra5 25.Nc5 Nxc5 26.Rxc5 Rxc5 27.dxc5 Bh5 28.Ke3 Rd8 29.Rc1 Bf7
30.Bd6 Bb3 31.f4 Kf7 32.Rg1 b5 33.h4 Re8 34.Kd4 Bc2 35.e5 Re6 36.Rg2 Bf5
37.Rg1 fxe5+ 38.Bxe5 Rg6 39.Rg5 Rxg5 40.fxg5 g6 41.Bg3 Ke6  1/2-1/2

[Event "UT Dallas Fall GM Inv 2012"]
[Site "Dallas USA"]
[Date "2012.11.16"]
[Round "1"]
[White "Holt,C"]
[Black "Onischuk,Al"]
[Result "1/2-1/2"]
[WhiteElo "2496"]
[BlackElo "2676"]

1.d4 Nf6 2.c4 e6 3.Nc3 Bb4 4.Qc2 O-O 5.e4 d5 6.e5 Ne4 7.Bd3 c5 8.Nf3 cxd4
9.Nxd4 Nd7 10.Bf4 Ndc5 11.O-O Nxd3 12.Qxd3 Bxc3 13.bxc3 b6 14.cxd5 Qxd5 15.Rfd1 Nc5
16.Qg3 Qe4 17.Nb5 Ba6 18.Nd6 Qg6 19.Bg5 f6 20.exf6 gxf6 21.Be3 Qxg3 22.hxg3 Nb7
23.Nxb7 Bxb7 24.a4 Rfd8 25.Rxd8+ Rxd8 26.a5 bxa5 27.Rxa5 a6 28.g4 Rd5 29.Ra4 Kf7
30.c4 Rd1+ 31.Kh2 e5 32.Rb4  1/2-1/2

[Event "UT Dallas Fall GM Inv 2012"]
[Site "Dallas USA"]
[Date "2012.11.17"]
[Round "2"]
[White "Onischuk,Al"]
[Black "Bercys,S"]
[Result "1/2-1/2"]
[WhiteElo "2676"]
[BlackElo "2418"]

1.d4 Nf6 2.c4 g6 3.Nc3 Bg7 4.e4 d6 5.Nf3 O-O 6.Be2 e5 7.Be3 Ng4 8.Bg5 f6
9.Bh4 Nc6 10.d5 Ne7 11.Nd2 Nh6 12.f3 c5 13.dxc6 bxc6 14.b4 Kh8 15.Nb3 Be6
16.Bf2 f5 17.O-O d5 18.Nc5 Bg8 19.cxd5 cxd5 20.exd5 Nxd5 21.Nxd5 Bxd5 22.Qd2 Bg8
23.Rfd1 Qe7 24.Qd6 Qxd6 25.Rxd6 e4 26.Bd4 Bxd4+ 27.Rxd4 Rad8 28.Rxd8 Rxd8
29.fxe4 Rd2 30.Bf3 Bxa2 31.e5 Kg7 32.Na4 Bc4 33.Rc1 Rd4 34.Nc5 Nf7 35.e6 Ng5
36.Ra1 a6 37.Nxa6 Nxf3+ 38.gxf3 Bxa6 39.Rxa6 Rxb4 40.Ra7+ Kf6 41.Rxh7  1/2-1/2

[Event "UT Dallas Fall GM Inv 2012"]
[Site "Dallas USA"]
[Date "2012.11.17"]
[Round "3"]
[White "Pavlovic,MilosM"]
[Black "Onischuk,Al"]
[Result "1/2-1/2"]
[WhiteElo "2477"]
[BlackElo "2676"]

1.e4 e5 2.Nf3 Nc6 3.Bb5 a6 4.Ba4 Nf6 5.O-O Be7 6.d3 d6 7.c3 O-O 8.Re1 Bg4
9.Nbd2 Nd7 10.Bc2 Bg5 11.h3 Bxf3 12.Nxf3 Bxc1 13.Rxc1 Ne7 14.d4 Ng6 15.g3 Qf6
16.Kg2 Rad8 17.Qd2 b5 18.a4 c5 19.axb5 axb5 20.dxc5 dxc5 21.Red1 Nb6 22.Qe2 Qc6
23.Rxd8 Rxd8 24.Rd1 Rxd1 25.Qxd1 Nd7 26.h4 f6 27.c4 Nb6 28.Qd8+ Nf8 29.cxb5 Qxb5
30.b3 Kf7 31.Nd2 Ne6 32.Qd3 Qb4 33.Nc4 Nd4 34.Nxb6 Qxb6 35.Qc4+ Kf8 36.h5 Qc6
37.Bd3 f5 38.f3 Ke7 39.b4 cxb4 40.Qxb4+ Qd6 41.Qxd6+ Kxd6 42.exf5 h6  1/2-1/2

[Event "UT Dallas Fall GM Inv 2012"]
[Site "Dallas USA"]
[Date "2012.11.18"]
[Round "4"]
[White "Onischuk,Al"]
[Black "Getz,A"]
[Result "1/2-1/2"]
[WhiteElo "2676"]
[BlackElo "2316"]

1.d4 Nf6 2.c4 e6 3.g3 d5 4.Nf3 Bb4+ 5.Bd2 Be7 6.Bg2 O-O 7.O-O dxc4 8.Qa4 Bd7
9.Qxc4 Bc6 10.Nc3 Nbd7 11.Rac1 Bd6 12.Qd3 Bb4 13.Rfd1 Qe7 14.Bf4 Bxc3 15.bxc3 Be4
16.Qe3 c5 17.Bg5 Bd5 18.Ne5 cxd4 19.cxd4 Bxg2 20.Kxg2 Qd6 21.Nxd7 Qxd7 22.Bxf6 gxf6
23.Qf3 f5 24.d5 Rac8 25.Rb1 b6 26.Rb4 Rfd8 27.Rbd4 Qe7 28.e4 fxe4 29.Rxe4 Rc5
30.dxe6 Rxd1 31.exf7+ Qxf7 32.Qxd1 Qd5 33.Qg4+ Kf7 34.Qf3+ Kg6 35.h4 h5 36.a3 Qc6
37.g4 hxg4 38.Qxg4+ Kh7 39.Kh3 Qd6 40.f3 Re5 41.Rd4 Qe6 42.Rd7+ Kh6 43.Rxa7 Re3
44.Qxe6+ Rxe6 45.Kg4 Rg6+ 46.Kf5 Rg8 47.f4 Rf8+ 48.Kg4 Rg8+ 49.Kf3 Rf8 50.Ra6 Kh5
51.a4 Rc8 52.Ke4 Rc4+ 53.Ke5 Kxh4 54.f5 Kg5 55.Rxb6 Rxa4 56.Rg6+ Kh5 57.Rd6 Kg5
58.Rg6+ Kh5 59.Rg1 Ra5+ 60.Kf6 Ra6+ 61.Kg7 Ra7+ 62.Kg8 Ra8+ 63.Kg7 Ra7+ 64.Kg8 Ra8+
65.Kh7 Rf8 66.Rf1 Kg5 67.Kg7 Rxf5 68.Rxf5+ Kxf5  1/2-1/2

[Event "UT Dallas Fall GM Inv 2012"]
[Site "Dallas USA"]
[Date "2012.11.19"]
[Round "6"]
[White "Onischuk,Al"]
[Black "Hughes,T"]
[Result "1-0"]
[WhiteElo "2676"]
[BlackElo "2289"]

1.d4 Nf6 2.c4 g6 3.g3 Bg7 4.Bg2 O-O 5.Nc3 d6 6.Nf3 Nbd7 7.O-O e5 8.e4 exd4
9.Nxd4 Re8 10.Re1 a6 11.h3 Rb8 12.Bf4 c5 13.Nf3 Bf8 14.Bxd6 Bxd6 15.Qxd6 b5
16.e5 Rb6 17.Qd2 Nh5 18.Qh6 Ng7 19.Nd5 Nf5 20.Qf4 Rb8 21.Rad1 Qa5 22.g4 Ng7
23.Nf6+ Nxf6 24.exf6 Rxe1+ 25.Rxe1  1-0

[Event "UT Dallas Fall GM Inv 2012"]
[Site "Dallas USA"]
[Date "2012.11.19"]
[Round "7"]
[White "Chirila,I"]
[Black "Onischuk,Al"]
[Result "1/2-1/2"]
[WhiteElo "2506"]
[BlackElo "2676"]

1.d4 Nf6 2.c4 e6 3.Nf3 b6 4.g3 Bb7 5.Bg2 Be7 6.O-O O-O 7.Nc3 Ne4 8.Bd2 f5
9.Qc2 Bf6 10.Rad1 Na6 11.a3 Qe7 12.Ne5 d6 13.Nxe4 fxe4 14.Ng4 Bxd4 15.Bc1 Bf6
16.Bxe4 Bxe4 17.Qxe4 Nc5 18.Nxf6+ Qxf6 19.Qc6 Nb3 20.Be3 Rac8 21.Qa4 Na5
22.Bd4 Qe7 23.c5 d5 24.e4 Qe8 25.Qc2 Qg6 26.Rfe1 Nc6 27.Bc3 bxc5 28.Qa4 Qf7
29.f4 Qd7 30.Qc4 Nd4 31.Qd3 e5 32.Bxd4 exd4 33.exd5 Rf5 34.b4 Qxd5 35.bxc5 Rd8
36.Rc1 Qf7 37.Rc4 Rfd5 38.Re4 Qg6 39.Kf2 h6 40.c6 Kh8 41.Kf3 R5d6 42.g4 Rd5
43.h3 R5d6 44.f5 Qf6 45.Kg3 a5 46.Rc5 a4 47.Rc4 Rxc6 48.Rxc6 Qxc6 49.Rxd4 Rxd4
50.Qxd4 Qc2 51.f6 gxf6 52.Qxf6+ Kh7 53.Qf7+ Kh8 54.Qf8+ Kh7 55.Qf7+ Kh8 56.Kh4 Qc5
57.Qf6+ Kh7 58.Qf7+ Kh8 59.Qf6+ Kh7 60.Qf7+  1/2-1/2